Políticos españoles #6 - Estadísticas

Estadísticas generales
  • Esta prueba ha sido intentada 60 veces
  • La puntuación promedio es 5 de 20
Estadísticas de respuestas
Imagen Respuesta % Correcto
José Luis Martínez-Almeida
98%
María José Catalá
58%
Jaume Collboni
48%
Abel Caballero
44%
Carolina Darias
36%
Natalia Chueca
34%
José Luis Sanz
30%
Francisco de la Torre
28%
Juan Mari Aburto
16%
Jesús Julio Carnero
12%
Carmen Moriyón
10%
Jaime Martínez
6%
José Ballesta
6%
José María Bellido
6%
Maider Etxebarria
6%
Marifrán Carazo
6%
David Quirós
4%
Inés Rey
4%
Luis Barcala
4%
Pablo Ruz
4%
No se encontraron pruebas coincidentes
Distribución de puntuación
Porcentaje de gente con cada puntuación
Porcentaje por número respondido
Historial de tus puntuaciones
No has intentado esta prueba.